[Event "Memorial Sergievskogo"]
[Site "Cheboksary"]
[Date "2016.04.13"]
[Round "11.5"]
[White "Lysyj, Igor"]
[Black "Gunina, Valentina"]
[Result "1/2-1/2"]
[LiveChessVersion "1.4.4"]
[BlackElo "2444"]
[WhiteElo "2670"]

1. d4 {[%clk 0:15:19]} d5 {[%clk 0:15:19]} 2. c4 {[%clk 0:15:27]} c6
{[%clk 0:15:26]} 3. Nf3 {[%clk 0:15:36]} Nf6 {[%clk 0:15:34]} 4. e3
{[%clk 0:15:45]} Bf5 {[%clk 0:15:42]} 5. Nc3 {[%clk 0:15:54]} e6 {[%clk 0:15:50]}
6. Nh4 {[%clk 0:16:02]} Bg6 {[%clk 0:15:58]} 7. Be2 {[%clk 0:16:08]} Nbd7
{[%clk 0:15:44]} 8. g3 {[%clk 0:16:17]} Bd6 {[%clk 0:15:46]} 9. O-O
{[%clk 0:16:22]} O-O {[%clk 0:15:47]} 10. Nxg6 {[%clk 0:16:21]} hxg6
{[%clk 0:15:55]} 11. Bd2 {[%clk 0:16:28]} Rc8 {[%clk 0:15:38]} 12. c5
{[%clk 0:15:59]} Bc7 {[%clk 0:15:44]} 13. b4 {[%clk 0:16:08]} e5 {[%clk 0:15:40]}
14. b5 {[%clk 0:16:03]} exd4 {[%clk 0:15:22]} 15. exd4 {[%clk 0:16:11]} Re8
{[%clk 0:14:57]} 16. bxc6 {[%clk 0:15:30]} bxc6 {[%clk 0:15:06]} 17. Qa4
{[%clk 0:15:15]} Re6 {[%clk 0:14:56]} 18. Rfe1 {[%clk 0:14:35]} Ne4
{[%clk 0:14:45]} 19. Nxe4 {[%clk 0:14:22]} Rxe4 {[%clk 0:14:53]} 20. Rac1
{[%clk 0:12:00]} Qf6 {[%clk 0:14:06]} 21. Be3 {[%clk 0:11:54]} a5
{[%clk 0:11:59]} 22. Bf1 {[%clk 0:11:27]} Rce8 {[%clk 0:11:09]} 23. Bg2
{[%clk 0:10:56]} R4e7 {[%clk 0:11:17]} 24. Bd2 {[%clk 0:09:38]} Nf8
{[%clk 0:09:48]} 25. Rxe7 {[%clk 0:09:30]} Rxe7 {[%clk 0:09:56]} 26. Be3
{[%clk 0:09:16]} g5 {[%clk 0:09:41]} 27. Qd1 {[%clk 0:07:30]} Qg6
{[%clk 0:09:17]} 28. Qg4 {[%clk 0:06:02]} Ne6 {[%clk 0:09:03]} 29. Bh3
{[%clk 0:06:09]} Qh7 {[%clk 0:08:38]} 30. Qf5 {[%clk 0:05:42]} g6
{[%clk 0:07:57]} 31. Qf6 {[%clk 0:05:51]} Re8 {[%clk 0:08:07]} 32. Bxe6
{[%clk 0:05:37]} Rxe6 {[%clk 0:08:15]} 33. Qxg5 {[%clk 0:05:46]} Qh3
{[%clk 0:07:49]} 34. Rb1 {[%clk 0:05:33]} Re8 {[%clk 0:05:29]} 35. Qf6
{[%clk 0:05:03]} Re6 {[%clk 0:04:56]} 36. Qf3 {[%clk 0:05:06]} Kg7
{[%clk 0:05:02]} 37. Bd2 {[%clk 0:04:27]} Re8 {[%clk 0:04:39]} 38. Re1
{[%clk 0:04:13]} Rh8 {[%clk 0:04:45]} 39. Re7 {[%clk 0:01:00]} Qxh2+
{[%clk 0:04:53]} 40. Kf1 {[%clk 0:01:09]} Qh1+ {[%clk 0:04:38]} 41. Ke2
{[%clk 0:01:15]} Qxf3+ {[%clk 0:04:14]} 42. Kxf3 {[%clk 0:01:24]} Rc8
{[%clk 0:03:46]} 43. Bf4 {[%clk 0:01:25]} Bxf4 {[%clk 0:03:33]} 44. Kxf4
{[%clk 0:01:30]} Kf6 {[%clk 0:03:24]} 45. Ra7 {[%clk 0:01:08]} Re8
{[%clk 0:02:42]} 46. Rxa5 {[%clk 0:01:17]} Re4+ {[%clk 0:02:51]} 47. Kf3
{[%clk 0:01:26]} Rxd4 {[%clk 0:02:58]} 48. Ra6 {[%clk 0:01:35]} Ke5
{[%clk 0:02:49]} 49. Rxc6 {[%clk 0:01:25]} Ra4 {[%clk 0:02:55]} 50. Rc7
{[%clk 0:01:34]} Ke6 {[%clk 0:02:11]} 51. Rc6+ {[%clk 0:01:25]} Ke5
{[%clk 0:02:20]} 52. Rc7 {[%clk 0:01:34]} Ke6 {[%clk 0:02:29]} 53. Rc6+
{[%clk 0:01:43]} Ke5 54. Ke4+ 1/2-1/2

[Event "Memorial Sergievskogo"]
[Site "Cheboksary"]
[Date "2016.04.13"]
[Round "11.7"]
[White "Bezgodov, Alexei"]
[Black "Kobalia, Mikhail"]
[Result "0-1"]
[LiveChessVersion "1.4.4"]
[BlackElo "2609"]
[WhiteElo "2488"]

1. e4 {[%clk 0:15:18]} c5 {[%clk 0:15:18]} 2. Nc3 {[%clk 0:15:26]} e6
{[%clk 0:15:22]} 3. Nf3 {[%clk 0:15:34]} Nc6 {[%clk 0:15:31]} 4. d4
{[%clk 0:15:42]} cxd4 {[%clk 0:15:40]} 5. Nxd4 {[%clk 0:15:50]} a6
{[%clk 0:15:48]} 6. Be2 {[%clk 0:15:05]} d6 {[%clk 0:15:51]} 7. O-O
{[%clk 0:14:46]} Bd7 {[%clk 0:15:56]} 8. Be3 {[%clk 0:14:09]} Nf6
{[%clk 0:15:59]} 9. f4 {[%clk 0:14:06]} Be7 {[%clk 0:15:54]} 10. Kh1
{[%clk 0:14:06]} O-O {[%clk 0:15:55]} 11. Bf3 {[%clk 0:13:46]} Rc8
{[%clk 0:15:31]} 12. Qe2 {[%clk 0:13:23]} b5 {[%clk 0:15:12]} 13. a3
{[%clk 0:13:22]} Nxd4 {[%clk 0:15:06]} 14. Bxd4 {[%clk 0:13:31]} Bc6
{[%clk 0:15:12]} 15. Rad1 {[%clk 0:12:50]} Nd7 {[%clk 0:11:52]} 16. f5
{[%clk 0:12:23]} e5 {[%clk 0:11:09]} 17. Be3 {[%clk 0:12:04]} h6 {[%clk 0:10:07]}
18. g4 {[%clk 0:11:21]} Bb7 {[%clk 0:09:44]} 19. Rg1 {[%clk 0:10:57]} Rc4
{[%clk 0:09:29]} 20. Qg2 {[%clk 0:07:44]} Bg5 {[%clk 0:08:13]} 21. Bxg5
{[%clk 0:07:02]} Qxg5 {[%clk 0:08:22]} 22. Qd2 {[%clk 0:06:22]} Nf6
{[%clk 0:07:50]} 23. Qxg5 {[%clk 0:06:08]} hxg5 {[%clk 0:07:58]} 24. Rxd6
{[%clk 0:05:49]} Nxe4 {[%clk 0:07:24]} 25. Nxe4 {[%clk 0:05:45]} Bxe4
{[%clk 0:07:33]} 26. Bxe4 {[%clk 0:05:37]} Rxe4 {[%clk 0:07:42]} 27. f6
{[%clk 0:04:56]} gxf6 {[%clk 0:06:59]} 28. Rxf6 {[%clk 0:05:02]} Rd8
{[%clk 0:06:50]} 29. Rf5 {[%clk 0:04:55]} Rd2 {[%clk 0:06:56]} 30. Rxg5+
{[%clk 0:05:03]} Kf8 {[%clk 0:07:05]} 31. Rf1 {[%clk 0:04:28]} Ree2
{[%clk 0:07:02]} 32. Rh5 {[%clk 0:04:33]} e4 {[%clk 0:06:52]} 33. g5
{[%clk 0:02:49]} Kg7 {[%clk 0:06:45]} 34. Rh3 {[%clk 0:02:14]} Rxc2
{[%clk 0:06:00]} 35. b4 {[%clk 0:02:03]} Kg6 {[%clk 0:05:52]} 36. Rg3
{[%clk 0:02:00]} Rxh2+ {[%clk 0:05:37]} 37. Kg1 {[%clk 0:02:10]} Rhe2
{[%clk 0:05:43]} 38. Rf6+ {[%clk 0:01:37]} Kg7 {[%clk 0:05:51]} 39. Kf1
{[%clk 0:01:42]} e3 {[%clk 0:05:30]} 40. Rgf3 {[%clk 0:01:12]} Rf2+
{[%clk 0:05:26]} 41. Rxf2 {[%clk 0:01:14]} Rxf2+ {[%clk 0:05:28]} 42. Rxf2
{[%clk 0:01:22]} exf2 {[%clk 0:05:36]} 43. Kxf2 {[%clk 0:01:28]} Kg6
{[%clk 0:05:46]} 0-1

[Event "Memorial Sergievskogo"]
[Site "Cheboksary"]
[Date "2016.04.13"]
[Round "11.8"]
[White "Predke, Alexandr"]
[Black "Glek, Igor"]
[Result "0-1"]
[LiveChessVersion "1.4.4"]
[BlackElo "2486"]
[WhiteElo "2594"]

1. Nf3 {[%clk 0:15:17]} Nf6 {[%clk 0:15:16]} 2. g3 {[%clk 0:15:22]} g6 3. b3
{[%clk 0:14:53]} Bg7 {[%clk 0:15:30]} 4. Bb2 {[%clk 0:15:02]} O-O
{[%clk 0:15:15]} 5. Bg2 {[%clk 0:15:10]} d5 {[%clk 0:15:24]} 6. c4
{[%clk 0:15:04]} c6 {[%clk 0:15:31]} 7. O-O {[%clk 0:15:03]} Bg4 {[%clk 0:15:24]}
8. d3 {[%clk 0:14:37]} Nbd7 {[%clk 0:13:22]} 9. Nbd2 {[%clk 0:14:43]} a5
{[%clk 0:13:14]} 10. h3 {[%clk 0:13:05]} Bxf3 {[%clk 0:13:22]} 11. Nxf3
{[%clk 0:13:13]} Ne8 {[%clk 0:11:41]} 12. d4 {[%clk 0:12:08]} Nd6
{[%clk 0:11:35]} 13. cxd5 {[%clk 0:11:21]} cxd5 {[%clk 0:11:43]} 14. Ne1
{[%clk 0:09:48]} e6 {[%clk 0:11:33]} 15. e3 {[%clk 0:09:35]} Nb8 {[%clk 0:10:25]}
16. Nd3 {[%clk 0:09:18]} Nc6 {[%clk 0:10:34]} 17. Nc5 {[%clk 0:08:39]} b6
{[%clk 0:08:15]} 18. Nd3 {[%clk 0:08:47]} Qb8 {[%clk 0:07:57]} 19. Re1
{[%clk 0:06:35]} Rc8 {[%clk 0:08:02]} 20. Ne5 {[%clk 0:05:15]} Nxe5
{[%clk 0:04:36]} 21. dxe5 {[%clk 0:05:22]} Ne4 {[%clk 0:04:44]} 22. Qd4
{[%clk 0:03:22]} f5 {[%clk 0:04:39]} 23. Rec1 {[%clk 0:02:52]} Qb7
{[%clk 0:03:37]} 24. g4 {[%clk 0:03:00]} Bf8 {[%clk 0:03:31]} 25. gxf5
{[%clk 0:01:50]} gxf5 {[%clk 0:03:40]} 26. f3 {[%clk 0:01:59]} Ng3
{[%clk 0:02:59]} 27. Qd2 {[%clk 0:01:41]} h5 {[%clk 0:02:28]} 28. Kh2
{[%clk 0:01:32]} h4 {[%clk 0:02:37]} 29. e4 {[%clk 0:01:34]} dxe4
{[%clk 0:02:20]} 30. fxe4 {[%clk 0:01:42]} Nxe4 {[%clk 0:02:24]} 31. Qf4
{[%clk 0:01:19]} Qh7 {[%clk 0:02:08]} 32. Bxe4 {[%clk 0:01:08]} fxe4
{[%clk 0:02:11]} 33. Qg4+ {[%clk 0:01:00]} Kh8 {[%clk 0:02:07]} 34. Qxe6
{[%clk 0:01:06]} Re8 {[%clk 0:02:00]} 35. Qg4 {[%clk 0:00:58]} Bg7
{[%clk 0:01:58]} 36. Rc7 {[%clk 0:01:00]} Rad8 {[%clk 0:01:52]} 37. Rg1
{[%clk 0:00:49]} Rg8 {[%clk 0:00:34]} 38. e6 {[%clk 0:00:23]} Rd2+
{[%clk 0:00:41]} 39. Rg2 {[%clk 0:00:32]} Rxb2 {[%clk 0:00:42]} 40. Qxg7+
{[%clk 0:00:13]} Rxg7 {[%clk 0:00:32]} 41. Rc8+ {[%clk 0:00:19]} Rg8
{[%clk 0:00:38]} 0-1

[Event "Memorial Sergievskogo"]
[Site "Cheboksary"]
[Date "2016.04.13"]
[Round "11.9"]
[White "Girya, Olga"]
[Black "Demidov, Mikhail"]
[Result "1-0"]
[LiveChessVersion "1.4.4"]
[BlackElo "2568"]
[WhiteElo "2362"]

1. d4 {[%clk 0:15:18]} d5 {[%clk 0:15:19]} 2. c4 {[%clk 0:15:27]} dxc4
{[%clk 0:15:27]} 3. Nf3 {[%clk 0:15:34]} c6 {[%clk 0:15:29]} 4. e3
{[%clk 0:15:34]} Be6 {[%clk 0:15:37]} 5. Nc3 {[%clk 0:14:44]} Qa5
{[%clk 0:13:38]} 6. Bd2 {[%clk 0:13:58]} Nf6 {[%clk 0:12:55]} 7. Be2
{[%clk 0:13:43]} g6 {[%clk 0:11:51]} 8. e4 {[%clk 0:12:34]} Bg7 {[%clk 0:11:39]}
9. Ng5 {[%clk 0:12:13]} Qb6 {[%clk 0:09:52]} 10. Nxe6 {[%clk 0:07:45]} fxe6
{[%clk 0:10:00]} 11. Qc2 {[%clk 0:07:54]} Qxd4 {[%clk 0:09:10]} 12. Be3
{[%clk 0:07:00]} Qe5 {[%clk 0:09:18]} 13. O-O {[%clk 0:05:34]} Nbd7
{[%clk 0:09:12]} 14. f4 {[%clk 0:03:50]} Qc7 {[%clk 0:09:09]} 15. Kh1
{[%clk 0:03:29]} Nb6 {[%clk 0:07:41]} 16. a4 {[%clk 0:03:30]} a5 {[%clk 0:07:50]}
17. b3 {[%clk 0:03:14]} cxb3 {[%clk 0:04:24]} 18. Qxb3 {[%clk 0:03:23]} Nfd7
{[%clk 0:04:33]} 19. Rab1 {[%clk 0:03:12]} O-O {[%clk 0:04:40]} 20. Qxe6+
{[%clk 0:03:07]} Kh8 {[%clk 0:04:39]} 21. e5 {[%clk 0:02:06]} Rad8
{[%clk 0:04:46]} 22. Qxe7 {[%clk 0:01:39]} Nc8 {[%clk 0:04:47]} 23. Qh4
{[%clk 0:01:40]} Rde8 {[%clk 0:04:40]} 24. Ne4 {[%clk 0:01:39]} Nxe5
{[%clk 0:02:52]} 25. fxe5 {[%clk 0:01:47]} Qxe5 {[%clk 0:03:01]} 26. Rxf8+
{[%clk 0:01:02]} Rxf8 {[%clk 0:03:10]} 27. Bf3 {[%clk 0:00:54]} Ne7
{[%clk 0:02:30]} 28. Bc5 {[%clk 0:00:36]} Nf5 {[%clk 0:02:26]} 29. Qe1
{[%clk 0:00:43]} Re8 {[%clk 0:02:30]} 30. Bf2 {[%clk 0:00:34]} Qc7
{[%clk 0:02:24]} 31. Qd2 {[%clk 0:00:29]} Rd8 {[%clk 0:02:19]} 32. Qc2
{[%clk 0:00:38]} Nd4 {[%clk 0:02:18]} 33. Bxd4 {[%clk 0:00:43]} Rxd4
{[%clk 0:02:27]} 34. g3 {[%clk 0:00:25]} Qe7 {[%clk 0:02:13]} 35. Rd1
{[%clk 0:00:21]} Qb4 {[%clk 0:02:05]} 36. Ng5 {[%clk 0:00:23]} Bf6
{[%clk 0:01:46]} 37. Rxd4 {[%clk 0:00:25]} Qxd4 {[%clk 0:01:50]} 38. Ne4
{[%clk 0:00:32]} Kg7 {[%clk 0:00:34]} 39. Kg2 {[%clk 0:00:39]} Be7
{[%clk 0:00:34]} 40. Qb3 {[%clk 0:00:41]} Qb4 {[%clk 0:00:28]} 41. Qe6
{[%clk 0:00:39]} b5 {[%clk 0:00:27]} 42. Qxc6 {[%clk 0:00:24]} bxa4
{[%clk 0:00:35]} 43. Qc3+ {[%clk 0:00:26]} Kg8 {[%clk 0:00:16]} 44. Qxb4
{[%clk 0:00:22]} axb4 {[%clk 0:00:25]} 45. Bd1 {[%clk 0:00:29]} b3
{[%clk 0:00:32]} 46. Nc3 {[%clk 0:00:34]} b2 {[%clk 0:00:25]} 47. Bxa4
{[%clk 0:00:41]} Kf7 {[%clk 0:00:32]} 48. Kf3 {[%clk 0:00:45]} Bf6
{[%clk 0:00:37]} 49. Bb3+ {[%clk 0:00:49]} Ke7 {[%clk 0:00:37]} 50. Nb1
{[%clk 0:00:56]} Be5 {[%clk 0:00:36]} 51. Bc2 {[%clk 0:00:54]} Kf6
{[%clk 0:00:45]} 52. Nd2 {[%clk 0:01:00]} Bd4 {[%clk 0:00:20]} 53. Ke4
{[%clk 0:01:02]} Bc3 {[%clk 0:00:15]} 54. Nc4 {[%clk 0:00:56]} Kg5
{[%clk 0:00:19]} 55. Ne3 {[%clk 0:00:57]} Be1 {[%clk 0:00:18]} 56. Kf3
{[%clk 0:00:46]} Kf6 {[%clk 0:00:18]} 57. Nd1 {[%clk 0:00:54]} Bb4
{[%clk 0:00:23]} 58. Nxb2 {[%clk 0:01:01]} Bc5 {[%clk 0:00:28]} 59. Nd3
{[%clk 0:01:08]} Bg1 {[%clk 0:00:37]} 60. h3 {[%clk 0:01:13]} Ba7
{[%clk 0:00:45]} 61. Nf4 {[%clk 0:01:19]} Bb8 {[%clk 0:00:54]} 62. Bb3
{[%clk 0:01:16]} Ba7 {[%clk 0:00:56]} 63. Bg8 {[%clk 0:01:11]} Kg7
{[%clk 0:01:04]} 64. Bc4 {[%clk 0:01:19]} Kf6 {[%clk 0:01:13]} 65. g4
{[%clk 0:00:55]} Bb8 {[%clk 0:01:21]} 66. Bg8 {[%clk 0:00:43]} Kg7
{[%clk 0:01:30]} 67. Bb3 {[%clk 0:00:52]} Kf6 {[%clk 0:01:38]} 68. Ne6
{[%clk 0:00:58]} Bd6 {[%clk 0:01:31]} 69. Ke4 {[%clk 0:01:04]} Bg3
{[%clk 0:01:31]} 70. Bc4 {[%clk 0:00:58]} Be1 {[%clk 0:01:34]} 71. Nd4
{[%clk 0:01:03]} Bd2 {[%clk 0:01:35]} 72. Nf3 {[%clk 0:01:10]} Bc1
{[%clk 0:01:40]} 73. Bb3 {[%clk 0:01:13]} Bb2 {[%clk 0:01:42]} 74. Kd5
{[%clk 0:00:57]} Ba3 {[%clk 0:01:42]} 75. Ke4 {[%clk 0:00:54]} Bb2
{[%clk 0:01:49]} 76. Kd5 {[%clk 0:00:37]} Ba3 {[%clk 0:01:57]} 77. Kc6
{[%clk 0:00:46]} Bc1 {[%clk 0:01:56]} 78. Kd7 {[%clk 0:00:56]} Bb2
{[%clk 0:01:57]} 79. Ke8 {[%clk 0:01:03]} Ba3 {[%clk 0:02:06]} 80. Bc4
{[%clk 0:01:12]} Bb4 {[%clk 0:02:11]} 81. Bd3 {[%clk 0:01:06]} Ba3
{[%clk 0:02:17]} 82. Kd7 {[%clk 0:00:55]} Bc1 {[%clk 0:02:22]} 83. Be4
{[%clk 0:00:55]} Be3 {[%clk 0:02:23]} 84. h4 {[%clk 0:00:59]} Bf2
{[%clk 0:02:02]} 85. Kd6 {[%clk 0:00:31]} Bg3+ {[%clk 0:01:40]} 86. Kd5
{[%clk 0:00:37]} Bf2 {[%clk 0:01:48]} 87. Kc4 {[%clk 0:00:37]} Kg7
{[%clk 0:01:53]} 88. Kd3 {[%clk 0:00:44]} Kf6 {[%clk 0:02:00]} 89. Ke2
{[%clk 0:00:53]} Bg3 {[%clk 0:01:59]} 90. Kf1 {[%clk 0:01:02]} Bb8
{[%clk 0:01:44]} 91. Kg2 {[%clk 0:01:11]} Bf4 {[%clk 0:01:45]} 92. Kh3
{[%clk 0:01:17]} Be3 {[%clk 0:01:27]} 93. g5+ {[%clk 0:01:05]} Kg7
{[%clk 0:01:28]} 94. Kg4 {[%clk 0:01:14]} Bf2 {[%clk 0:00:57]} 95. Bc2
{[%clk 0:01:04]} Ba7 {[%clk 0:00:46]} 96. Ne5 {[%clk 0:00:53]} Bd4
{[%clk 0:00:51]} 97. Nd3 {[%clk 0:00:59]} Ba7 {[%clk 0:00:43]} 98. Nf4
{[%clk 0:01:03]} Be3 {[%clk 0:00:24]} 99. h5 {[%clk 0:00:36]} gxh5+
{[%clk 0:00:23]} 100. Nxh5+ {[%clk 0:00:42]} Kh8 {[%clk 0:00:22]} 101. Nf6
{[%clk 0:00:40]} Kg7 {[%clk 0:00:20]} 102. Nxh7 {[%clk 0:00:39]} Bxg5
{[%clk 0:00:27]} 103. Kxg5 {[%clk 0:00:47]} Kh8 {[%clk 0:00:32]} 104. Kf6
{[%clk 0:00:42]} Kg8 {[%clk 0:00:41]} 105. Ng5 {[%clk 0:00:50]} Kh8
{[%clk 0:00:49]} 106. Nf7+ {[%clk 0:00:56]} Kg8 {[%clk 0:00:58]} 107. Bd3
{[%clk 0:01:02]} Kf8 {[%clk 0:01:06]} 108. Bh7 {[%clk 0:01:11]} Ke8
{[%clk 0:01:15]} 109. Ne5 {[%clk 0:01:19]} Kf8 {[%clk 0:01:23]} 110. Nd7+
{[%clk 0:01:19]} Ke8 {[%clk 0:01:32]} 111. Ke6 {[%clk 0:01:28]} Kd8
{[%clk 0:01:41]} 112. Kd6 {[%clk 0:01:35]} Ke8 {[%clk 0:01:50]} 113. Bg6+
{[%clk 0:01:44]} Kd8 {[%clk 0:01:59]} 114. Nc5 {[%clk 0:01:53]} Kc8
{[%clk 0:02:08]} 115. Bh5 {[%clk 0:01:35]} Kd8 {[%clk 0:02:17]} 116. Nb7+
{[%clk 0:01:43]} Kc8 {[%clk 0:02:26]} 117. Kc6 {[%clk 0:01:52]} Kb8
{[%clk 0:02:35]} 118. Kb6 {[%clk 0:01:59]} Ka8 {[%clk 0:02:43]} 119. Bg4
{[%clk 0:01:56]} Kb8 {[%clk 0:02:52]} 120. Nc5 {[%clk 0:02:01]} Ka8
{[%clk 0:03:01]} 121. Bf5 {[%clk 0:02:08]} Kb8 {[%clk 0:03:10]} 122. Na6+
{[%clk 0:02:16]} 1-0

[Event "Memorial Sergievskogo"]
[Site "Cheboksary"]
[Date "2016.04.13"]
[Round "11.10"]
[White "Nozdrachev, Vladislav"]
[Black "Safronov, Andrey G"]
[Result "1-0"]
[LiveChessVersion "1.4.4"]
[BlackElo "2307"]
[WhiteElo "2542"]

1. e4 {[%clk 0:15:19]} e5 {[%clk 0:15:19]} 2. Nf3 {[%clk 0:15:27]} Nc6
{[%clk 0:15:28]} 3. Bc4 {[%clk 0:15:36]} Bc5 {[%clk 0:15:37]} 4. d3
{[%clk 0:15:38]} Nf6 {[%clk 0:15:39]} 5. O-O {[%clk 0:15:45]} d6 {[%clk 0:15:44]}
6. c3 {[%clk 0:15:51]} a6 {[%clk 0:15:49]} 7. a4 {[%clk 0:15:59]} O-O
{[%clk 0:15:18]} 8. Na3 {[%clk 0:15:26]} d5 {[%clk 0:14:37]} 9. exd5
{[%clk 0:15:31]} Nxd5 {[%clk 0:14:45]} 10. h3 {[%clk 0:15:12]} Bf5
{[%clk 0:14:42]} 11. Re1 {[%clk 0:12:52]} Qd6 {[%clk 0:14:33]} 12. Ng5
{[%clk 0:12:46]} Nf6 {[%clk 0:12:44]} 13. Qf3 {[%clk 0:12:32]} Bg6
{[%clk 0:12:47]} 14. b4 {[%clk 0:11:51]} Bb6 {[%clk 0:11:53]} 15. Ne4
{[%clk 0:11:29]} Nxe4 {[%clk 0:11:53]} 16. dxe4 {[%clk 0:11:38]} Kh8
{[%clk 0:09:33]} 17. Bd5 {[%clk 0:11:13]} f5 {[%clk 0:09:31]} 18. Nc4
{[%clk 0:10:50]} fxe4 {[%clk 0:09:30]} 19. Nxd6 {[%clk 0:09:16]} exf3
{[%clk 0:09:38]} 20. Nxb7 {[%clk 0:09:14]} fxg2 {[%clk 0:09:46]} 21. Be3
{[%clk 0:09:05]} Rf6 {[%clk 0:08:37]} 22. a5 {[%clk 0:06:41]} Bxe3
{[%clk 0:08:39]} 23. Rxe3 {[%clk 0:06:46]} Raf8 {[%clk 0:08:19]} 24. Bxg2
{[%clk 0:06:41]} Na7 {[%clk 0:07:28]} 25. Nc5 {[%clk 0:06:35]} Rxf2
{[%clk 0:06:48]} 26. Rf1 {[%clk 0:06:37]} R2f6 {[%clk 0:02:28]} 27. Nxa6
{[%clk 0:06:38]} c6 {[%clk 0:01:43]} 28. Rxe5 {[%clk 0:06:35]} Nb5
{[%clk 0:00:51]} 29. Rxf6 {[%clk 0:06:33]} gxf6 {[%clk 0:00:55]} 30. Rc5
{[%clk 0:06:26]} Rg8 {[%clk 0:01:02]} 31. Kf2 {[%clk 0:06:11]} Bd3
{[%clk 0:00:49]} 32. Bxc6 {[%clk 0:05:54]} Nd6 {[%clk 0:00:23]} 33. Nc7
{[%clk 0:05:23]} Rc8 {[%clk 0:00:32]} 34. Bf3 {[%clk 0:05:25]} Nc4
{[%clk 0:00:15]} 35. Ne6 {[%clk 0:05:24]} Re8 {[%clk 0:00:20]} 36. Nf4
{[%clk 0:05:30]} Nb2 {[%clk 0:00:28]} 37. b5 {[%clk 0:05:21]} Rb8
{[%clk 0:00:36]} 38. b6 {[%clk 0:05:28]} Na4 {[%clk 0:00:44]} 39. Nxd3
{[%clk 0:05:35]} Nxc5 {[%clk 0:00:49]} 40. Nxc5 {[%clk 0:05:44]} Rc8
{[%clk 0:00:58]} 41. b7 {[%clk 0:05:52]} 1-0